Critical Discourse Analysis in Historiography The Case of Hong Kong's Evolving Political Identity /

The book shows how the study of the evolving discourse employed during a political process spanning more than a decade can provide insights for critical discourse analysis, on the one hand, and understanding of a real world political process on the other, thereby demonstrating the potential role for...

Full description

Main Author: Flowerdew, J. (Author, http://id.loc.gov/vocabulary/relators/aut)
Corporate Author: SpringerLink (Online service)
Language:English
Published: London : Palgrave Macmillan UK : Imprint: Palgrave Macmillan, 2012.
Edition:1st ed. 2012.
Subjects:
Online Access:https://doi.org/10.1057/9780230336841
LEADER 02700nam a22005535i 4500
001 978-0-230-33684-1
003 DE-He213
005 20200918140430.0
007 cr nn 008mamaa
008 151204s2012 xxk| s |||| 0|eng d
020 |a 9780230336841  |9 978-0-230-33684-1 
024 7 |a 10.1057/9780230336841  |2 doi 
050 4 |a P302-P302.87 
072 7 |a CFGR  |2 bicssc 
072 7 |a LAN009030  |2 bisacsh 
072 7 |a CFG  |2 thema 
082 0 4 |a 401.41  |2 23 
100 1 |a Flowerdew, J.  |e author.  |4 aut  |4 http://id.loc.gov/vocabulary/relators/aut 
245 1 0 |a Critical Discourse Analysis in Historiography  |h [electronic resource] :  |b The Case of Hong Kong's Evolving Political Identity /  |c by J. Flowerdew. 
250 |a 1st ed. 2012. 
264 1 |a London :  |b Palgrave Macmillan UK :  |b Imprint: Palgrave Macmillan,  |c 2012. 
300 |a XV, 341 p.  |b online resource. 
336 |a text  |b txt  |2 rdacontent 
337 |a computer  |b c  |2 rdamedia 
338 |a online resource  |b cr  |2 rdacarrier 
347 |a text file  |b PDF  |2 rda 
520 |a The book shows how the study of the evolving discourse employed during a political process spanning more than a decade can provide insights for critical discourse analysis, on the one hand, and understanding of a real world political process on the other, thereby demonstrating the potential role for critical discourse analysis in historiography. 
650 0 |a Discourse analysis. 
650 0 |a Asia—History. 
650 0 |a Sociolinguistics. 
650 0 |a Historiography. 
650 0 |a Political science. 
650 0 |a China—History. 
650 1 4 |a Discourse Analysis.  |0 https://scigraph.springernature.com/ontologies/product-market-codes/N51000 
650 2 4 |a Asian History.  |0 https://scigraph.springernature.com/ontologies/product-market-codes/715000 
650 2 4 |a Sociolinguistics.  |0 https://scigraph.springernature.com/ontologies/product-market-codes/N44000 
650 2 4 |a Historiography and Method.  |0 https://scigraph.springernature.com/ontologies/product-market-codes/711000 
650 2 4 |a Political Science.  |0 https://scigraph.springernature.com/ontologies/product-market-codes/911000 
650 2 4 |a History of China.  |0 https://scigraph.springernature.com/ontologies/product-market-codes/715010 
710 2 |a SpringerLink (Online service) 
773 0 |t Springer Nature eBook 
776 0 8 |i Printed edition:  |z 9780230301184 
776 0 8 |i Printed edition:  |z 9781349336852 
776 0 8 |i Printed edition:  |z 9781349336845 
856 4 0 |u https://doi.org/10.1057/9780230336841 
912 |a ZDB-2-PLA 
912 |a ZDB-2-SXED 
950 |a Palgrave Language & Linguistics Collection (SpringerNature-41140) 
950 |a Education (R0) (SpringerNature-43721)